00462 2200181 4500001002100000005001500021008004100036020001800077035001900095041000700114082000800121090001400129100003200143245003300175260002900208300001900237650002400256INLIS00000000001382720241224114629241224||||||||| | ||| |||| || |  a979-778-043-0 0010-1224013827 aid0 a352 a352 MUS p0 aThonthowi Djauhari Musaddad00aPembangunan Pedesaan Mandiri aBandungbHumaniorac2007 a143hlm;14x21cm 0aadministrasi negara